[Event "TUR-chT2"]
[Site "Konya"]
[Date "2018.07.12"]
[Round "5.22"]
[White "Dincer, Efe Barkin"]
[Black "Demir, Muhammed Taha"]
[Result "1/2-1/2"]
[WhiteElo "1362"]
[BlackElo "1344"]
[PlyCount "98"]
[EventDate "2018.07.10"]
[EventType "team-swiss"]
[EventRounds "9"]
[EventCountry "TUR"]
[SourceTitle "EXT 2019"]
[Source "ChessBase"]
[SourceDate "2018.10.10"]
[SourceVersion "1"]
[SourceVersionDate "2018.10.10"]
[SourceQuality "1"]
[WhiteTeam "Aydin Zeybek"]
[BlackTeam "Karaman Duru Bulgur"]
[WhiteTeamCountry "TUR"]
[BlackTeamCountry "TUR"]

1. e4 d6 2. d4 Nf6 3. Nc3 c6 4. Bg5 h6 5. Bh4 Bg4 6. Nf3 e6 7. Be2 Be7 8. Qd3 d5 9. Bxf6 Bxf6 10. e5 Be7 11. h3 Bf5 12. Qd2 c5 13. Bd3 Bxd3 14. Qxd3 Nc6 15. Ne2 cxd4 16. Nexd4 Qb6 17. Nb3 Rc8 18. c3 0-0 19. 0-0 Na5 20. Rab1 Nxb3 21. axb3 Qxb3 22. Nd4 Qc4 23. Qd2 a6 24. f4 b5 25. Rfc1 Qc7 26. Kh1 Bc5 27. Ra1 Qb6 28. Qd3 Rc7 29. Nb3 Rfc8 30. Ra5 Be3 31. Rca1 Ra8 32. Rxb5 Qxb5 33. Qxb5 axb5 34. Rxa8+ Kh7 35. Rb8 Bxf4 36. Rxb5 Bxe5 37. Nd4 Ra7 38. Nc2 Ra2 39. Rb3 Ra4 40. Rb4 Ra7 41. g4 Rc7 42. Nd4 Bxd4 43. Rxd4 Kg6 44. Kg2 Kf6 45. Kf3 Ke5 46. Rd3 Rc4 47. b3 Rc7 48. Ke3 f6 49. Kd2 g6 1/2-1/2

[Event "TUR-chT2"]
[Site "Konya"]
[Date "2018.07.10"]
[Round "1.20"]
[White "Demir, Muhammed Taha"]
[Black "Taskin, Arda"]
[Result "0-1"]
[WhiteElo "1344"]
[BlackElo "1573"]
[PlyCount "84"]
[EventDate "2018.07.10"]
[EventType "team-swiss"]
[EventRounds "9"]
[EventCountry "TUR"]
[SourceTitle "EXT 2019"]
[Source "ChessBase"]
[SourceDate "2018.10.10"]
[SourceVersion "1"]
[SourceVersionDate "2018.10.10"]
[SourceQuality "1"]
[WhiteTeam "Karaman Duru Bulgur"]
[BlackTeam "Sinop Kultur"]
[WhiteTeamCountry "TUR"]
[BlackTeamCountry "TUR"]

1. d4 Nf6 2. c4 g6 3. Nc3 d5 4. Nf3 Bg7 5. e3 0-0 6. Be2 c6 7. 0-0 Nbd7 8. cxd5 cxd5 9. b3 b6 10. Bb2 Bb7 11. Rc1 a6 12. Re1 Re8 13. Bd3 Ne4 14. Nd2 f5 15. f3 Nxd2 16. Qxd2 e6 17. Ne2 Bf8 18. Ng3 Bh6 19. Qf2 Nf6 20. Rc2 Qd6 21. Nf1 Rf8 22. Qh4 Bg7 23. Qg3 f4 24. Qf2 Rae8 25. Nd2 fxe3 26. Qxe3 Nd7 27. Qf2 e5 28. Qg3 Qb8 29. Qh3 Qd8 30. Rec1 exd4 31. Rc7 Nc5 32. Rxg7+ Kxg7 33. Bxd4+ Rf6 34. Bxf6+ Qxf6 35. Bb1 Qd4+ 36. Kh1 Qxd2 37. Rg1 Re1 38. Qg3 Rxg1+ 39. Kxg1 Qc1+ 40. Kf2 Qb2+ 41. Ke3 d4+ 42. Kf4 Qd2+ 0-1

[Event "TUR Cup										"]
[Site "Antalya"]
[Date "2018.02.01"]
[Round "8"]
[White "Demir, Muhammed Taha"]
[Black "Eyupkoca, Nihat"]
[Result "1/2-1/2"]
[WhiteElo "1267"]
[BlackElo "1479"]
[PlyCount "94"]
[EventDate "2018.01.27"]
[EventType "swiss"]
[EventRounds "11"]
[EventCountry "TUR"]
[SourceTitle "CBM 182 Extra"]
[Source "ChessBase"]
[SourceDate "2018.02.23"]
[SourceVersion "1"]
[SourceVersionDate "2018.02.23"]
[SourceQuality "1"]

1. e4 e5 2. Nf3 d6 3. d4 f6 4. h3 exd4 5. Nxd4 Ne7 6. Nc3 Bd7 7. Be3 Nbc6 8. Bc4 Nxd4 9. Qxd4 Nc6 10. Qd2 a6 11. 0-0-0 Qe7 12. Nd5 Qd8 13. f4 Ne7 14. Rhf1 Bb5 15. Qe2 Qd7 16. e5 fxe5 17. fxe5 Nxd5 18. Rxd5 c6 19. Bxb5 axb5 20. exd6 0-0-0 21. Rd3 Bxd6 22. Bb6 Rdf8 23. Rfd1 Rf6 24. Qd2 Bf4 25. Rxd7 Bxd2+ 26. R7xd2 Rf5 27. Rd3 h6 28. Rd7 g5 29. b3 h5 30. Rc7+ Kb8 31. Rdd7 Rf1+ 32. Kb2 Rhf8 33. Rxb7+ Ka8 34. Ra7+ Kb8 35. Rab7+ Ka8 36. Ba7 c5 37. Rxb5 R1f7 38. Rxf7 Rxf7 39. Bxc5 g4 40. hxg4 hxg4 41. a4 Rh7 42. a5 g3 43. Bd6 Rh2 44. Bxg3 Rxg2 45. Be5 Re2 46. a6 Re3 47. Bd4 Rxb3+ 1/2-1/2

[Event "TUR Cup										"]
[Site "Antalya"]
[Date "2018.01.28"]
[Round "3"]
[White "Celik, Erdinc"]
[Black "Demir, Muhammed Taha"]
[Result "1-0"]
[WhiteElo "1686"]
[BlackElo "1267"]
[PlyCount "97"]
[EventDate "2018.01.27"]
[EventType "swiss"]
[EventRounds "11"]
[EventCountry "TUR"]
[SourceTitle "CBM 182 Extra"]
[Source "ChessBase"]
[SourceDate "2018.02.23"]
[SourceVersion "1"]
[SourceVersionDate "2018.02.23"]
[SourceQuality "1"]

1. f4 d6 2. e4 Nf6 3. Nc3 e5 4. Nf3 Nc6 5. Bb5 exf4 6. d4 Bd7 7. Bxf4 a6 8. Bd3 Be7 9. a3 0-0 10. 0-0 Bg4 11. Be3 Re8 12. h3 Bh5 13. g4 Bg6 14. b4 Na7 15. Nd2 Nd7 16. Qf3 c6 17. Nc4 Nb5 18. Ne2 Nb6 19. Na5 Rb8 20. c4 Nc7 21. d5 cxd5 22. Bxb6 Bf6 23. cxd5 Bxa1 24. Rxa1 Qe7 25. Ng3 Na8 26. Bd4 Nc7 27. a4 Qg5 28. Nc4 Rbd8 29. Kh2 b5 30. Ne3 Rd7 31. a5 Rde7 32. Ngf5 Bxf5 33. gxf5 f6 34. Rg1 Qh6 35. Ng4 Qd2+ 36. Rg2 Qxb4 37. Nxf6+ Kh8 38. Qe3 Rf8 39. Nh5 Nxd5 40. exd5 Rxe3 41. Bxg7+ Kg8 42. Bc3+ Kf7 43. Bxb4 Rxd3 44. Bxd6 Rg8 45. Rc2 Rg5 46. Rc7+ Ke8 47. Ng7+ Kd8 48. Ne6+ Ke8 49. Re7# 1-0